Philosophie der Gerechtigkeit : Texte von der Antike bis zur Gerenwart
Αποθηκεύτηκε σε:
| Άλλοι συγγραφείς: | , |
|---|---|
| Μορφή: | Βιβλίο |
| Γλώσσα: | Greek |
| Δημοσίευση: |
Frankfurt an Main :
Suhrkamp,
2002
|
| Θέματα: | |
| Ετικέτες: |
Προσθήκη ετικέτας
Δεν υπάρχουν, Καταχωρήστε ετικέτα πρώτοι!
|
MARC
| LEADER | 00000cam a2200000 i 4500 | ||
|---|---|---|---|
| 001 | 1/58115 | ||
| 008 | 040624s2002 gre d | ||
| 020 | |a 3-518-29163-7 | ||
| 035 | |l 10073890 | ||
| 040 | |a GR-MY-UA |b gre |e aacr | ||
| 041 | 0 | |a gre | |
| 082 | 0 | |a 340.115 | |
| 245 | 1 | 0 | |a Philosophie der Gerechtigkeit : |b Texte von der Antike bis zur Gerenwart / |c Herausgegeben von Christoph Horn und Nico Scarano |
| 260 | |a Frankfurt an Main : |b Suhrkamp, |c 2002 | ||
| 300 | |a 508 p. | ||
| 650 | 0 | 0 | |a Justice. |
| 650 | 0 | 0 | |a Sociological jurisprudence. |
| 700 | 1 | |a Horn, Christoph. |4 edt | |
| 700 | 1 | |a Scarano, Nico. |4 edt | |
| 852 | |a INST |b RHODES |e 20040624 |h 340.115 PHI |p 005400018747 |q 005400018747 |t BK |y 0 | ||
| 901 | |a BIBL4-2004-2 | ||
| 909 | |a Ρ |b 109759 | ||
| 970 | |a ΚΟΥΛΑΚΙΟΤΗ |b ΛΙΤΣΑ |z 2004/06/24 | ||